000
00262nam a22001217a 4500
005
20180414130145.0
008
160513b xxu||||| |||| 00| 0 eng d
041
_a
eng
082
_b
1815
_a
346.07
245
_a
Business Law
650
_a
Management
_9
241
942
_c
BK
999
_c
701
_d
701